Innovative pedagogy and research (Record no. 193720)

MARC details
000 -LEADER
fixed length control field 00602nam a22001817a 4500
005 - DATE AND TIME OF LATEST TRANSACTION
control field 20221130111540.0
010 ## - LCCN (DPL NO)
LC control number ENG-135663
020 ## - INTERNATIONAL STANDARD BOOK NUMBER
International Standard Book Number 9789354574412
Terms of availability 250.00
035 ## - SYSTEM CONTROL NUMBER
System control number EN-119195
037 ## - SOURCE OF ACQUISITION
Source of stock number/acquisition DBAD/PUB
082 ## - DEWEY DECIMAL CLASSIFICATION NUMBER
Classification number 613.71
245 ## - TITLE STATEMENT
Title Innovative pedagogy and research
Statement of responsibility, etc edited by C. Shirley Moral
260 ## - PUBLICATION, DISTRIBUTION, ETC. (IMPRINT)
Place of publication, distribution, etc Vasantha Nagar
Name of publisher, distributor, etc Shanlaxpublications
Date of publication, distribution, etc 2021
270 ## - ADDRESS
Address 61,66 T.P.K. Main Road Vasantha Nagar
City Madurai
Postal code 625003
Electronic mail address publisher@shanlaxpublications.com
300 ## - PHYSICAL DESCRIPTION
Extent 183p.
Dimensions 22cm(pbk)
700 ## - ADDED ENTRY--PERSONAL NAME
Personal name Moral, C. Shirley
Relator term editor
942 ## - ADDED ENTRY ELEMENTS (KOHA)
Source of classification or shelving scheme Dewey Decimal Classification
Item type English Books
Call number suffix MOR
Classification part 613.71
Holdings
Withdrawn status Lost status Not for loan Collection code Home library Current library Date acquired Source of acquisition Cost, normal purchase price Full call number Barcode Copy number Cost, replacement price Koha item type
      Non-fiction Peshwa Road Peshwa Road 10/11/2022 DBAD/PUB 250.00 613.71 MOR EN-119195 1 250.00 English Books

© Delhi Public Library
Hit Counter
free hit counter